En procura de la salud laboral /
محفوظ في:
| المؤلف الرئيسي: | |
|---|---|
| التنسيق: | نص |
| الموضوعات: | |
| الوسوم: |
إضافة وسم
لا توجد وسوم, كن أول من يضع وسما على هذه التسجيلة!
|
MARC
| LEADER | 00000 a a2200000 04500 | ||
|---|---|---|---|
| 001 | 1549 | ||
| 003 | |||
| 040 | |||
| 100 | |a Coykeen Moc, Olga Marta | ||
| 245 | |a En procura de la salud laboral / |c Olga Marta Coykeen Moc | ||
| 650 | |a SALUD | ||
| 650 | |a SEGURIDAD LABORAL | ||
| 650 | |a COSTA RICA | ||
| 773 | |g número 13; páginas 21-23 | ||
| 999 | |c 20743 |d 20743 | ||
